| 000 | 00510nam a2200193Ia 4500 | ||
|---|---|---|---|
| 005 | 20250326124139.0 | ||
| 008 | 250326s9999 xx 000 0 und d | ||
| 037 | _aTextbook | ||
| 040 |
_aFMSL _beng _cFMSL |
||
| 041 |
_aeng _2eng |
||
| 084 |
_aX:5:Z2 L3;L8 _qFMSL |
||
| 100 | _aShukla M C | ||
| 245 | 0 |
_aManual of mercantile law _cShukla M C |
|
| 250 | _a12 | ||
| 260 |
_aNew Delhi _bNew Delhi, S Chand _c1978 |
||
| 300 | _a772p | ||
| 942 |
_cTB _hX:5:Z2 L3;L8 |
||
| 999 |
_c1272480 _d1272480 |
||